Регионална библиотека "Любен Каравелов" - Русе

Актуални студии по вещно право (Запис номер 15791)

MARC детайли
000 -Лидер
Контролно поле с фиксирана дължина 01206nam a2200337 c 4500
003 - Код на организацията, давaща контролен номер
Контролно поле BLK
005 - Дата и час на последна редакция
Контролно поле 20180420215106.0
008 - Елементи от данни с фиксирана дължина
fixed length control field 180413b bul|||||r ||||||| ||bul||
010 ## - Наследен системен номер
LC control number KNG00017595000
020 ## - Международен стандартен номер на книга ISBN
Международен стандартен номер на книга ISBN 954-8150-65-4
-- издат.: Сиби
040 ## - Източник на каталожния запис
Идентификатор на билиотеката - собственик на записа BLK
041 ## - Код за език
Код за езика на текст/звукозапис или на отделно заглавие Български
Код за езика КДБФ Български
080 ## - УДК
Текстов определител УДК Вещни права. Вещи. Имущества
УДК код - определител по УДК 347.2
УДК определител (497.2)
УДК - код + определител 347.2(497.2)
100 1# - Редна дума - Автор
Автор Запрянов, Асен
Авторска отговорност първи автор
R(LIN) 260577
139 ## - Редно поле
Редна дума Запрянов, Асен
Авторски знак Запо - З 33
245 10 - Сведения за заглавието
Заглавие Актуални студии по вещно право
Редно поле (дума) Асен Запрянов.
257 ## - Страна на издаване
Страна на създаване/издаване България
260 ## - Област на издателските данни
-- София
Име на издателя, разпространителя и проч. Сиби
Година на издаване 1997
300 ## - Физическа характеристика
Страници 80 с.
Размери/Мащаб 20 см
380 ## - Жанр
Жанр Обществени науки
500 ## - Общи забележки
Забележка Офс. изд. - 2 200 тир. - Библиогр. под линия
650 #4 - Допълнително описание по предмет – тема
Основно описание – тема или топоним Вещно право - България
9 (RLIN) 242353
650 #4 - Допълнително описание по предмет – тема
Основно описание – тема или топоним Недвижима собственост - България - правни въпроси
9 (RLIN) 252359
653 ## - Ключова дума – ненормативна
Ключова дума студии
653 ## - Ключова дума – ненормативна
Ключова дума право
852 ## - Местоположение
Форматна сигнатура Цб 192384
856 4# - Електронен адрес и достъп
Електронен формат pdf - файл
Път до файла /url/
856 4# - Електронен адрес и достъп
Електронен формат pdf - файл
Път до файла /url/
942 ## - АРТИКУЛИ
Вид на библиотечния материал Книги
Скрит в OPAC Не
944 ## - СЪЗДАВАНЕ И РЕДАКЦИЯ на ЗАПИСА
Създаване/Редакция Създаване
Дата на регистрацията/редакция 15.01.2003
Служител, извършил регистрацията/редакцията Кети_Илиева
944 ## - СЪЗДАВАНЕ И РЕДАКЦИЯ на ЗАПИСА
Създаване/Редакция Редакция
Дата на регистрацията/редакция 18.08.2015
Служител, извършил регистрацията/редакцията Валя_Йорданова
999 ## - СИСТЕМНИ КОНТРОЛНИ НОМЕРА
Koha biblionumber 15791
Koha biblioitemnumber 15791
Наличности
Код за отписване Код за изгубен артикул Източник на класификационната схема Код за повреда Коз за рестрикции Код за отдаване Артикулен № Име на библиотеката - собственик Име на библиотеката, в която се намира в момента Статус (Текущо местоположение) Дата на вписване в системата Местоположение - отдел Цена в лева Инвентарен номер Систематично азбучна сигнатура Баркод Номер на екземпляра Цена в евро Служебна бележка Служебен тип на артикула
Изтеглен Не е изгубен Universal Decimal Classification Не е повреден без рестрикции ползва се в читалня 26738 Регионална библиотека "Любен Каравелов" Русе Регионална библиотека "Любен Каравелов" Русе Читалня 2001-01-01 Читалня 0.85 631386 Ч 347/З 33 631386 1 0.43 N: Сф Дата: 01.01.2001 Дата инв: 14.03.2017 Бележки инв: Ч2017 Книги
  Не е изгубен Universal Decimal Classification Не е повреден без рестрикции ползва се в читалня 26739 Регионална библиотека "Любен Каравелов" Русе Регионална библиотека "Любен Каравелов" Русе Хранилище 2001-01-01 Хранилище 0.00 632833 Цб 192384 120000632833 2 0.00 N: Сф Дата: 01.01.2001 Книги
Vip Innovations Ltd, Rousse, Bulgaria 2025